The magykal papers / (Record no. 343737)
[ view plain ]
| 000 -LEADER | |
|---|---|
| fixed length control field | 00535nam a2200205Ia 4500 |
| 008 - FIXED-LENGTH DATA ELEMENTS--GENERAL INFORMATION | |
| fixed length control field | 170918s9999 xx 000 0 und d |
| 020 ## - INTERNATIONAL STANDARD BOOK NUMBER | |
| International Standard Book Number | 9780061704161 |
| 050 ## - LIBRARY OF CONGRESS CALL NUMBER | |
| Item number | S129ma 2008 |
| 100 ## - MAIN ENTRY--PERSONAL NAME | |
| Personal name | Sage, Angie |
| 245 #4 - TITLE STATEMENT | |
| Title | The magykal papers / |
| 245 ## - TITLE STATEMENT | |
| Statement of responsibility, etc | by Angie Sage ; illustrations by Mark Zug. |
| 250 ## - EDITION STATEMENT | |
| Edition statement | First edition |
| 260 ## - PUBLICATION, DISTRIBUTION, ETC. (IMPRINT) | |
| Place of publication, distribution, etc | New York : |
| 260 ## - PUBLICATION, DISTRIBUTION, ETC. (IMPRINT) | |
| Name of publisher, distributor, etc | Katherine Tegen Books, |
| 260 ## - PUBLICATION, DISTRIBUTION, ETC. (IMPRINT) | |
| Date of publication, distribution, etc | 2008 |
| 300 ## - PHYSICAL DESCRIPTION | |
| Extent | 167 pages : |
| 300 ## - PHYSICAL DESCRIPTION | |
| Other physical details | some colored illustrations ; |
| 300 ## - PHYSICAL DESCRIPTION | |
| Dimensions | 23cm. |
| 300 ## - PHYSICAL DESCRIPTION | |
| Accompanying material | Septimus heap. |
| Withdrawn status | Lost status | Damaged status | Home library | Current library | Date acquired | Total Checkouts | Full call number | Barcode | Date last seen | Price effective from | Koha item type |
|---|---|---|---|---|---|---|---|---|---|---|---|
| Stonyhurst Southville International School (Malarayat) | Stonyhurst Southville International School (Malarayat) | 09/18/2017 | FIC S129ma 2008 | SSISM2809 | 09/18/2017 | 09/18/2017 | Books |